000 00945nam a22002657a 4500
003 URS
005 20260223164113.0
008 260214t2025 ph ||||| |||| 001 0 eng d
020 _a9786214063901
040 _aDLC
_bDLC
_cDLC
_dURS
_dDLC
_erda
082 _a658.15
_bAd951 2025
100 _aAbante, Marmelo V.,
_eauthors.
245 _aAdvanced financial management :
_bfinancial strategy and corporate finance /
_cMarmelo V. Abante, ...[and three others].
264 _aIntramuros, Manila:
_bMindshapers Co., Inc.,
_c[2025]
300 _ax, 203 pages;
_c26 cm.
336 _2rdacontent
_atext
_btxt
337 _2rdamedia
_aunmediated
_bn
338 _2rdacarrier
_avolume
_bnc
504 _aIncludes bibliographical references (page 203), and indexes.
650 _aFinancial management.
700 _aBacay, Rene Boy R.,
_eauthors.
700 _aBacay, Erika F.,
_eauthors.
700 _aGonzales, Ma. Teresa V.,
_eauthors.
942 _2ddc
_cF
999 _c98778
_d98775